| 000 | 00358nam a2200145Ia 4500 | ||
|---|---|---|---|
| 008 | 090122s9999 xx 000 0 und d | ||
| 082 |
_b8154 _a823 |
||
| 100 |
_aMATHUR _bANURAG |
||
| 245 | _aThe Inscrutable Americans | ||
| 600 | _aMATHUR | ||
| 630 | _aThe Inscrutable Americans | ||
| 700 | _aMATHUR | ||
| 730 | _aThe Inscrutable Americans | ||
| 942 | _cBOOK | ||
| 999 |
_c32231 _d32231 |
||